Physics : (Record no. 13620)

000 -LEADER
fixed length control field 00963cam a2200277 a 4500
005 - DATE AND TIME OF LATEST TRANSACTION
control field 20181125020037.0
008 - FIXED-LENGTH DATA ELEMENTS--GENERAL INFORMATION
fixed length control field 040517m20042005njuab 001 0 eng
020 ## - INTERNATIONAL STANDARD BOOK NUMBER
International Standard Book Number 013035256
050 00 - LIBRARY OF CONGRESS CALL NUMBER
Classification number QC 23 .G399 2005
100 1# - MAIN ENTRY--PERSONAL NAME
Personal name Giancoli, Douglas C.
245 10 - TITLE STATEMENT
Title Physics :
Remainder of title principles with applications /
Statement of responsibility, etc. Douglas C. Giancoli.
250 ## - EDITION STATEMENT
Edition statement 6th ed.
260 ## - PUBLICATION, DISTRIBUTION, ETC. (IMPRINT)
Place of publication, distribution, etc. U.S.A.
Name of publisher, distributor, etc. Pearson Prentice Hall,
Date of publication, distribution, etc. 2005.
300 ## - PHYSICAL DESCRIPTION
Extent xxv,437[45]
Other physical details ill. (some col.);
Dimensions 28 cm.
500 ## - GENERAL NOTE
General note Includes indexes.
650 #0 - SUBJECT ADDED ENTRY--TOPICAL TERM
Topical term or geographic name as entry element Physics.
942 ## - ADDED ENTRY ELEMENTS (KOHA)
Source of classification or shelving scheme
Koha item type Hard Covered Materials
Koha issues (borrowed), all copies 1
Holdings
Withdrawn status Lost status Source of classification or shelving scheme Damaged status Not for loan Home library Current library Shelving location Date acquired Source of acquisition Total Checkouts Full call number Barcode Date last seen Date last checked out Price effective from Koha item type
          MACHAKOS UNIVERSITY LIBRARY MACHAKOS UNIVERSITY LIBRARY Open shelf 11/08/2016 Donation(BFA) 6 QC 23. G399 2005 24821 21/11/2022 07/11/2022 11/08/2016 Hard Covered Materials
© Machakos University Library, Along The Highway, Machakos Wote Rd, Machakos, Kenya P.O. Box 136 - 90100 Machakos - Kenya

Tel: ( +254 ) 723 805829 OR Fax : 044-20353 OR Email: library@mksu.ac.ke